Rights of light - exploding the myth (Record no. 71173)
[ view plain ]
| 000 -LEADER | |
|---|---|
| fixed length control field | 00986cam a2200205 4500 |
| 001 - CONTROL NUMBER | |
| control field | ABS65905 |
| 008 - FIXED-LENGTH DATA ELEMENTS--GENERAL INFORMATION | |
| fixed length control field | 020918n2002 000 0 eng u |
| 035 ## - SYSTEM CONTROL NUMBER | |
| System control number | (Sirsi) u119741 |
| 100 ## - MAIN ENTRY--PERSONAL NAME | |
| Personal name | Wong, K |
| 245 ## - TITLE STATEMENT | |
| Title | Rights of light - exploding the myth |
| 260 ## - PUBLICATION, DISTRIBUTION, ETC. | |
| Date of publication, distribution, etc. | 2002 |
| 490 ## - SERIES STATEMENT | |
| Series statement | RICS Building Surveying Faculty: The Journal |
| Volume/sequential designation | (4) July 2002, 11-12(2) |
| 520 ## - SUMMARY, ETC. | |
| Summary, etc. | Argues that government policy is forcing developers to maximise the use of inner city and brownfield sites, which makes rights of light an increasingly important development consideration. Highlights the issue that a surveyor must protect the rights of his client, by mastering the skills required to measure daylight. Points out that this should be included in the core training, and can be undertaken with the aid of computer software. |
| 590 ## - LOCAL NOTE (RLIN) | |
| Local note | ABS |
| 650 ## - SUBJECT ADDED ENTRY--TOPICAL TERM | |
| Topical term or geographic name entry element | Rights of light |
| 9 (RLIN) | 6267 |
| 650 ## - SUBJECT ADDED ENTRY--TOPICAL TERM | |
| Topical term or geographic name entry element | WALDRAM DIAGRAM |
| 650 ## - SUBJECT ADDED ENTRY--TOPICAL TERM | |
| Topical term or geographic name entry element | DAYLIGHT |
| 690 ## - LOCAL SUBJECT ADDED ENTRY--TOPICAL TERM (OCLC, RLIN) | |
| Topical term or geographic name as entry element | BUILT ENVIRONMENT-CONSTRUCTION DESIGN |
| 942 ## - ADDED ENTRY ELEMENTS (KOHA) | |
| Suppress in OPAC | 0 |
| Withdrawn status | Lost status | Source of classification or shelving scheme | Damaged status | Not for loan | Home library | Current library | Shelving location | Date acquired | Total Checkouts | Full call number | Barcode | Date last seen | Copy number | Price effective from | Koha item type |
|---|---|---|---|---|---|---|---|---|---|---|---|---|---|---|---|
| Dewey Decimal Classification | London | London | Journal article | 18/09/2002 | ABS65905 | 119741-1001 | 06/08/2019 | 1 | 06/08/2019 | Journal article |